00433nam a2200169Ia 4500003000400000005001700004008004100021020001500062050002400077100002200101245005100123260003500174300003300209440000600242521000700248526000800255OSt20140313093357.0140130s9999 xx 000 0 und d a0590484206 aPZ 7b.B7633Cf 1994 aBridwell, Norman  aClifford's First Christmas /cNorman Bridwell. bScholastic,c1994.aNew York : a30 p. :bcol. ill. ;c19 cm. v1 aG2 c400